000 00372nam a2200145Ia 4500
008 230312s9999||||xx |||||||||||||| ||und||
020 _a1111969604
082 _a005.74
_bROB-D
100 _aRob,Coronel
245 0 _aDatabase systems : design, implementation, and management
260 _bCengage
_aUSA
_c2013
300 _a726
650 _aComputer
_vData
942 _cBK
999 _c16243
_d16243